Virtuális gépek energia-hatékony ütemezése szimulált számítási felhőben

Elmentve itt :
Bibliográfiai részletek
Szerző: Bényi Attila
További közreműködők: Kertész Attila (Témavezető)
Dokumentumtípus: Szakdolgozat
Megjelent: 2013
Tárgyszavak:
Online Access:http://diploma.bibl.u-szeged.hu/53291
LEADER 00824nta a2200181 i 4500
001 dipl53291
005 20211104143231.0
008 150925s2013 hu om 0|| zxx d
040 |a SZTE Diploma Repozitórium  |b hun 
041 |a zxx 
100 1 |a Bényi Attila 
245 1 0 |a Virtuális gépek energia-hatékony ütemezése szimulált számítási felhőben  |h [elektronikus dokumentum] /  |c Attila Bényi 
246 1 0 |a Energy-aware Virtual Machine Scheduling in simulated IaaS Clouds  |h [elektronikus dokumentum] 
260 |c 2013 
650 4 |a Természettudományok 
700 1 |a Kertész Attila  |e ths 
856 4 0 |u http://diploma.bibl.u-szeged.hu/id/eprint/53291/1/2014_B%C3%A9nyi_Attila_BEATAAT_SZE_SZ.pdf  |z Dokumentum-elérés  
856 4 0 |u http://diploma.bibl.u-szeged.hu/id/eprint/53291/7/2013_benyi_attila_melleklet.tgz  |z Dokumentum-elérés